Education for all : (Record no. 128375)

MARC details
000 -LEADER
fixed length control field 00754nam a22002417a 4500
005 - DATE AND TIME OF LATEST TRANSACTION
control field 20170124110038.0
010 ## - LIBRARY OF CONGRESS CONTROL NUMBER
LC control number A-631136
020 ## - INTERNATIONAL STANDARD BOOK NUMBER
Terms of availability 00.00
International Standard Book Number 9231027697
035 ## - SYSTEM CONTROL NUMBER
System control number A-631136
037 ## - SOURCE OF ACQUISITION
Source of stock number/acquisition Cen Lib/Ret
040 ## - CATALOGING SOURCE
Original cataloging agency DPL
Language of cataloging EN
082 ## - DEWEY DECIMAL CLASSIFICATION NUMBER
Classification number 370
Item number HAG
100 ## - MAIN ENTRY--PERSONAL NAME
Personal name Haggis, Sheila M.
9 (RLIN) 23206
245 ## - TITLE STATEMENT
Title Education for all :
Statement of responsibility, etc by Sheila M. Haggis
Remainder of title purpose and context /
260 ## - PUBLICATION, DISTRIBUTION, ETC. (IMPRINT)
Place of publication, distribution, etc Paris
Name of publisher, distributor, etc UNESCO
Date of publication, distribution, etc 1991
270 ## - ADDRESS
Address 7 Place de Fontenoy
City Paris
Postal code 75700
300 ## - PHYSICAL DESCRIPTION
Extent xiii,96p. :
Dimensions 26cm(Hb)
Other physical details ill.
490 ## - SERIES STATEMENT
Series statement World conference on education for all monograph 1
500 ## - GENERAL NOTE
General note World conference in education for all monograph II.
650 ## - SUBJECT ADDED ENTRY--TOPICAL TERM
Topical term or geographic name as entry element Education
9 (RLIN) 1169
650 ## - SUBJECT ADDED ENTRY--TOPICAL TERM
Topical term or geographic name as entry element Unesco
9 (RLIN) 104516
942 ## - ADDED ENTRY ELEMENTS (KOHA)
Source of classification or shelving scheme Dewey Decimal Classification
Koha item type English Books
Classification part 370
Call number suffix HAG
Holdings
Withdrawn status Lost status Damaged status Not for loan Home library Current library Date acquired Source of acquisition Cost, normal purchase price Total Checkouts Full call number Barcode Date last seen Copy number Cost, replacement price Price effective from Koha item type
        Central Library Central Library 02/07/2015 Cen Lib/Ret 0.00   370 HAG A-631136 02/07/2015 1 0.00 02/07/2015 English Books

© Delhi Public Library
Hit Counter
free hit counter